000 00547nam a2200229 a 4500
001 nice12345678
003 IN_TiNIC
005 20260116011531.0
008 050524s1879 lona grp 000 0 per
020 _a
_c100
082 0 0 _a297.1247
_bMOO
100 _aMoosvi, Syed Mohd Mahdi
245 _aKhulasatul Akhbar
260 _aLondon
_bNo Publisher
_c1879
500 _aincludes index and biblioraphy
505 2 _aIndex
650 _aHadith
700 1 _aMoosvi, Syed Mohd Mahdi
902 _bRBA
942 _cBK
999 _c2390
_d2390